Κουίζ Πολλαπλής Επιλογής Πόλης – Σπάρτη - Statistics

General Stats
  • This quiz has been taken 20 times
  • The average score is 9 of 10
Answer Stats
Question Answer % Correct
Ποιός βασιλιάς της Σπάρτης πέθανε σε αυτή τη μάχη; Λεωνίδας
100%
Σε ποιον πόλεμο νίκησε η Σπάρτη την Αθήνα; Πελοποννησιακός Πόλεμος
100%
Πόσοι Σπαρτιάτες πάλεψαν στη μάχη των Θερμοπυλών; 300
100%
Οι Σπαρτιάτες διάσημα μιλούσαν με ποιο τρόπο; Σύντομα και περιεκτικά
93%
Οι είλωτες αποτελούσαν την πλειονότητα του πληθυσμού της Αρχαίας Σπάρτης. Ποιοι ήταν αυτοί; Δουλοπάροικοι
93%
Σε ποιά περιοχή της Πελοποννήσου βρίσκεται η Σπάρτη; Λακωνία
93%
Σε ποια ηλικία σχεδόν όλα τα αγόρια της Σπάρτης πήγαν να ζήσουν σε μια σκληρή στρατιωτική σχολή που ονομάζεται αγώγη; 7 χρόνων
93%
Ποιός θρυλικός Σπαρτιάτης βασιλιάς έχασε τη γυναίκα του, την Ωραία Ελένη, στον Πάρη; Μενέλαος
73%
Ποιό γράμμα ήταν σύμβολο των Σπαρτιατών; Λ
67%
Ποιοί είχαν κατά έλεγχο την υπόλοιπη Ελλάδα αλλά άφησαν πίσω τη Σπάρτη από σεβασμό; Οι Μακεδονοί
60%
No matching quizzes found
Score Distribution
Percent of People with Each Score
Percentile by Number Answered
Your Score History
You have not taken this quiz